000 00872nam a22002297a 4500
005 20121214161431.0
008 121214t xxu||||| |||| 00| 0 eng d
010 _aENG-106451
020 _a9788178359441
_c450.00
035 _aEN-89984
037 _bDBAD/PUB
040 _aDPL
_bEng
082 _a338.1
100 _954337
_aShah, Chandrahas H.
245 _aFundamentals of agricultural economics :
_cby Chandrahas H. Shah
_bwith perspectives from Indian agriculture /
260 _aDelhi
_bKalpaz Publications
_c2013
270 _aC-30, Satyawati Nagar
_bDelhi
_e110052
300 _a144p.
_c22cm(Hb)
500 _aIncludes bibliographical references and index
942 _2ddc
_cEN
_h338.1
_mSHA
999 _c72190
_d72190